000 00464nam a2200181Ia 4500
001 16534
005 20260306170316.0
008 260306t2014||||xx |||||||||||||| ||und||
041 _aESP
082 _a348.6
_bT77
100 _aTovalino Castro, Fiorella
_eAUT
245 0 _aEl despido:
_banálisis con base en criterios jurisprudenciales
260 _c2014
300 _a72 páginas :
_c24 cm.
650 _aGEN
654 _aCDE
942 _cLIB
_dJUS
_fJUS
_2ddc
_n
999 _c16534
_d16534